Statistiques concernant Les chansons de Jacques Brel 1953-1961

Cliquez ici pour prendre le quiz!

Statistiques générales

  • Ce quiz a été pris 33 fois
  • Le résultat moyen est 27 sur 72

Statistiques - réponses

IndicesChansons% Correct
DanseLa {valse} à 1000 temps
88%
AverseIl {pleut}
76%
SaisonAu {printemps}
68%
SuivantLe {prochain} amour
68%
Sommeil{Dors} ma mie
64%
Prénom initiale JGrand {Jacques}
64%
VoirIl nous faut {regarder}
64%
FinLa {Mort}
60%
Avec des ailesL'{Ange} déchu
60%
BelgesLes {Flamandes}
60%
FouleLes {Gens}
60%
AinsiC'est {comme ça}
56%
IgnoranceJe {ne sais pas}
56%
CapitalaLes prénoms de {Paris}
56%
ResteNe {me quitte pas}
56%
Prénom initiale PSaint {Pierre}
56%
Isolé{Seul}
56%
UnionDemain l'on {se marie}
52%
SentimentJe {t'aime}
52%
FemmeLa {dame} patronesse
52%
CéréalesLes {Blés}
52%
RetourSi tu {reviens}
52%
Espace de villeSur la {place}
52%
Regarder{Voir}
52%
Prénom initiale MMadeleine
48%
Promenade en musique{Ballade}
44%
SeulLa bourrée du {célibataire}
44%
PerdusLes {paumés} du petit matin
44%
TonnerreL'{Orage}
44%
Sollicitation{Prière} païenne
44%
InstrumentL'{accordéon} de la vie
40%
DétestationLa {Haine}
40%
Prénom initiale LLa Nativité selon Saint {Luc}
40%
MourantLe {Moribond}
40%
SoulotL'{Ivrogne}
40%
SentimentQuand on {n'a que l'amour}
40%
StupiditéL'air de {la bétise}
36%
DroitVivre {debout}
36%
Voilà{Voici}
36%
Réjoui{Heureux}
32%
OiseauLa {Colombe}
32%
IdiotLe {fou du} roi
32%
VilleL'homme dans la {cité}
32%
MémoireOn {oublie rien}
32%
1*1A {deux}
28%
VéritéDites si {c'était vrai}
28%
Venir subitementLa lumière {jaillira}
28%
Cours d'eauLes pieds {dans le ruisseau}
28%
Prières{Litanies} pour un retour
28%
Excuses{Pardons}
28%
DemandeJ'en {appelle}
24%
OfficierLe {Colonel}
24%
CitadinsLes {Bourgeois}
24%
AnimalLes {Singes}
24%
PersonnesQu'avons nous fait {bonnes gens} ?
24%
Prénom initiale C{Clara}
20%
GentillesseLa {Tendresse}
20%
SouverainLes enfants {du roi}
20%
Prénom initiale M{Marieke}
20%
NécessitéS'il {te faut}
20%
Prénom initiale I{Isabelle}
16%
TénèbresJe suis l'{ombre des chansons}
16%
ManègeLa {Foire}
16%
AnimauxLes {Biches}
16%
OfficierZangra
16%
Arrivées{Départs}
12%
ForteresseLa {Bastille}
12%
SiègeLes {deux fauteuils}
8%
ChanteurLe {Troubadour}
4%
EventuellementIl {peut] pleuvoir
0%
SculptureLa {Stetue}
0%
Bois ou grèsLes {Pavés}
0%

Distribution des résultats

Percentile par nombre de réponses

% des personnes avec chaque résultat

Votre développement - résultats

Vous n’avez pas pris ce quiz